[Event "55th Rubinstein Memorial-A 2019"]
[Site "Polanica-Zdroj"]
[Date "2019.08.20"]
[Round "4.12"]
[White "Kopica, Paulina"]
[Black "Siekanski, Janusz"]
[Result "1/2-1/2"]
[WhiteElo "1932"]
[BlackElo "2263"]
[Annotator "NA"]
[PlyCount "160"]
[EventDate "2019.08.17"]
[EventType "swiss"]
[EventCountry "POL"]
[SourceTitle "playchess.com"]
[Source "ChessBase"]
[SourceQuality "1"]
[TimeControl "40/5400+30:1800+30"]

1. e4 {[%emt 0:00:00]} c5 {[%emt 0:00:00]} 2. Nf3 {[%emt 0:00:00]} e6 {[%emt 0:00:00]} 3. d4 {[%emt 0:00:00]} cxd4 {[%emt 0:00:00]} 4. Nxd4 {[%emt 0:00:00]} Nf6 {[%emt 0:00:08]} 5. Bd3 {[%emt 0:00:08]} Nc6 {[%emt 0:00:39]} 6. Nxc6 {[%emt 0:00:21]} bxc6 {[%emt 0:00:33]} 7. O-O {[%emt 0:00:29]} d5 {[%emt 0:00:51]} 8. Nd2 {[%emt 0:00:56]} Be7 {[%emt 0:05:42]} 9. b3 {[%emt 0:03:08]} O-O {[%emt 0:01:29]} 10. Bb2 {[%emt 0:01:32]} a5 {[%emt 0:05:18]} 11. Qe2 {[%emt 0:07:09]} a4 {[%emt 0:02:55]} 12. Rad1 {[%emt 0:09:27]} axb3 {[%emt 0:07:46]} 13. axb3 {[%emt 0:00:05]} Ra2 {[%emt 0:06:54]} 14. Be5 {[%emt 0:24:10]} Nd7 {[%emt 0:07:16]} 15. Bg3 {[%emt 0:05:08]} Nc5 {[%emt 0:01:27]} 16. Rfe1 {[%emt 0:04:07]} Nxd3 {[%emt 0:01:51]} 17. Qxd3 {[%emt 0:00:28]} Ba6 {[%emt 0:01:24]} 18. c4 {[%emt 0:02:21]} Bb4 {[%emt 0:10:51]} 19. exd5 {[%emt 0:09:09]} exd5 {[%emt 0:04:24]} 20. Bf4 {[%emt 0:04:06]} Qf6 {[%emt 0:13:54]} 21. Qb1 {[%emt 0:12:25]} Rb2 {[%emt 0:09:21]} 22. Qc1 {[%emt 0:03:45]} Bxd2 {[%emt 0:04:55]} 23. Rxd2 {[%emt 0:02:22]} Rxb3 {[%emt 0:00:54]} 24. Be5 {[%emt 0:00:23]} Qg6 {[%emt 0:00:39]} 25. cxd5 {[%emt 0:01:13]} cxd5 {[%emt 0:00:15]} 26. Qc2 {[%emt 0:01:31]} Qxc2 {[%emt 0:02:07]} 27. Rxc2 {[%emt 0:00:02]} Re8 {[%emt 0:01:19]} 28. f3 {[%emt 0:00:50]} d4 {[%emt 0:04:28]} 29. Bg3 {[%emt 0:02:10]} Rxe1+ {[%emt 0:01:22]} 30. Bxe1 {[%emt 0:00:03]} h5 {[%emt 0:00:49]} 31. Ra2 {[%emt 0:02:59]} Bb7 {[%emt 0:02:42]} 32. Kf2 {[%emt 0:00:54]} h4 {[%emt 0:00:30]} 33. h3 {[%emt 0:00:23]} f6 {[%emt 0:00:41]} 34. Ke2 {[%emt 0:01:58]} g5 {[%emt 0:00:13]} 35. Bf2 {[%emt 0:01:47]} d3+ {[%emt 0:00:25]} 36. Kd2 {[%emt 0:01:37]} Kf7 {[%emt 0:00:20]} 37. Bd4 {[%emt 0:00:16]} f5 {[%emt 0:02:19]} 38. Ra5 {[%emt 0:00:41]} Kg6 {[%emt 0:00:29]} 39. Bc3 {[%emt 0:00:51]} g4 {[%emt 0:00:51]} 40. hxg4 {[%emt 0:00:00]} fxg4 {[%emt 0:00:00]} 41. fxg4 {[%emt 0:01:16]} Bxg2 {[%emt 0:00:53]} 42. Rh5 {[%emt 0:05:12]} h3 {[%emt 0:01:54]} 43. Kxd3 {[%emt 0:00:27]} Ra3 {[%emt 0:02:39]} 44. Kd2 {[%emt 0:07:50]} Ra2+ {[%emt 0:00:24]} 45. Ke3 {[%emt 0:01:26]} Ra3 {[%emt 0:00:17]} 46. Kd2 {[%emt 0:00:21]} Ra4 {[%emt 0:00:50]} 47. Rh8 {[%emt 0:00:58]} Ra2+ {[%emt 0:02:32]} 48. Ke3 {[%emt 0:01:51]} Ra3 {[%emt 0:00:40]} 49. Kd2 {[%emt 0:00:45]} Kg5 {[%emt 0:00:31]} 50. Be5 {[%emt 0:01:53]} Kxg4 {[%emt 0:00:58]} 51. Bc7 {[%emt 0:01:20]} Be4 {[%emt 0:04:10]} 52. Rg8+ {[%emt 0:00:41]} Kf5 {[%emt 0:00:31]} 53. Rf8+ {[%emt 0:01:54]} Kg5 {[%emt 0:00:38]} 54. Rh8 {[%emt 0:00:59]} Ra7 {[%emt 0:01:45]} 55. Re8 {[%emt 0:06:27]} Bh7 {[%emt 0:00:23]} 56. Be5 {[%emt 0:03:25]} Kg4 {[%emt 0:04:49]} 57. Ke3 {[%emt 0:02:05]} Rb7 {[%emt 0:03:12]} 58. Bd6 {[%emt 0:00:37]} Rd7 {[%emt 0:02:27]} 59. Bb8 {[%emt 0:00:30]} Rb7 {[%emt 0:00:41]} 60. Bd6 {[%emt 0:00:04]} Rb3+ {[%emt 0:00:07]} 61. Kf2 {[%emt 0:00:26]} Rb2+ {[%emt 0:00:17]} 62. Ke3 {[%emt 0:00:58]} Rb3+ {[%emt 0:02:27]} 63. Kf2 {[%emt 0:00:26]} Rb7 {[%emt 0:00:09]} 64. Ke3 {[%emt 0:00:20]} Rf7 {[%emt 0:00:21]} 65. Bb8 {[%emt 0:00:24]} Rf3+ {[%emt 0:01:16]} 66. Ke2 {[%emt 0:00:18]} Rf7 {[%emt 0:01:35]} 67. Ke3 {[%emt 0:00:15]} Kh5 {[%emt 0:00:40]} 68. Bd6 {[%emt 0:00:45]} Kg6 {[%emt 0:01:50]} 69. Rb8 {[%emt 0:01:06]} Rd7 {[%emt 0:00:30]} 70. Bf4 {[%emt 0:00:30]} Kf5 {[%emt 0:01:00]} 71. Rh8 {[%emt 0:00:31]} Kg4 {[%emt 0:00:19]} 72. Bb8 {[%emt 0:00:11]} Re7+ {[%emt 0:01:07]} 73. Kf2 {[%emt 0:00:22]} Rf7+ {[%emt 0:00:02]} 74. Ke3 {[%emt 0:00:08]} Kg5 {[%emt 0:00:22]} 75. Bd6 {[%emt 0:00:11]} Kg6 {[%emt 0:00:18]} 76. Rb8 {[%emt 0:00:16]} Rd7 {[%emt 0:00:31]} 77. Bf4 {[%emt 0:00:09]} Ra7 {[%emt 0:01:02]} 78. Kf3 {[%emt 0:01:21]} Ra2 {[%emt 0:01:31]} 79. Rb6+ {[%emt 0:00:30]} Kf7 {[%emt 0:00:44]} 80. Kg4 {[%emt 0:01:20]} Rg2+ {[%emt 0:02:35]} 1/2-1/2

[Event "55th Rubinstein Memorial-A 2019"]
[Site "Polanica-Zdroj"]
[Date "2019.08.20"]
[Round "4.13"]
[White "Lapaj, Mateusz"]
[Black "Betkowski, Andrzej"]
[Result "1-0"]
[WhiteElo "2233"]
[BlackElo "2023"]
[Annotator "NA"]
[PlyCount "143"]
[EventDate "2019.08.17"]
[EventType "swiss"]
[EventCountry "POL"]
[SourceTitle "playchess.com"]
[Source "ChessBase"]
[SourceQuality "1"]
[TimeControl "40/5400+30:1800+30"]

1. e4 {[%emt 0:03:48]} e6 {[%emt 0:00:00]} 2. d4 {[%emt 0:00:07]} d5 {[%emt 0:00:00]} 3. Nc3 {[%emt 0:00:06]} Bb4 {[%emt 0:00:10]} 4. e5 {[%emt 0:00:05]} Ne7 {[%emt 0:00:51]} 5. Bd2 {[%emt 0:00:05]} b6 {[%emt 0:00:39]} 6. Qg4 {[%emt 0:08:24]} Nf5 {[%emt 0:03:57]} 7. Bd3 {[%emt 0:12:08]} h5 {[%emt 0:03:47]} 8. Qf4 {[%emt 0:02:02]} g5 {[%emt 0:01:34]} 9. Qxg5 {[%emt 0:00:08]} Qxg5 {[%emt 0:00:16]} 10. Bxg5 {[%emt 0:00:07]} Nxd4 {[%emt 0:00:35]} 11. O-O-O {[%emt 0:15:06]} Be7 {[%emt 0:08:59]} 12. h4 {[%emt 0:10:29]} c5 {[%emt 0:09:27]} 13. Nb5 {[%emt 0:08:03]} Nxb5 {[%emt 0:02:05]} 14. Bxb5+ {[%emt 0:00:01]} Bd7 {[%emt 0:05:13]} 15. Be2 {[%emt 0:04:32]} Bc6 {[%emt 0:08:04]} 16. f4 {[%emt 0:00:19]} Nd7 {[%emt 0:06:36]} 17. Bf3 {[%emt 0:00:25]} Rc8 {[%emt 0:07:45]} 18. Ne2 {[%emt 0:01:10]} d4 {[%emt 0:00:45]} 19. Bxc6 {[%emt 0:04:29]} Rxc6 {[%emt 0:00:30]} 20. c3 {[%emt 0:00:17]} dxc3 {[%emt 0:08:19]} 21. Nxc3 {[%emt 0:00:02]} f6 {[%emt 0:00:24]} 22. exf6 {[%emt 0:00:37]} Nxf6 {[%emt 0:00:14]} 23. Rhe1 {[%emt 0:01:16]} Kf7 {[%emt 0:05:47]} 24. Re5 {[%emt 0:18:20]} Rd6 {[%emt 0:10:44]} 25. Rde1 {[%emt 0:05:34]} Ng4 {[%emt 0:05:10]} 26. R5e2 {[%emt 0:00:19]} a6 {[%emt 0:04:58]} 27. Ne4 {[%emt 0:00:37]} Rc6 {[%emt 0:00:22]} 28. Bxe7 {[%emt 0:00:30]} Kxe7 {[%emt 0:00:02]} 29. Ng5 {[%emt 0:00:07]} Rh6 {[%emt 0:00:24]} 30. f5 {[%emt 0:00:29]} e5 {[%emt 0:01:23]} 31. Nf3 {[%emt 0:00:01]} Rhd6 {[%emt 0:01:24]} 32. Nxe5 {[%emt 0:00:49]} Nxe5 {[%emt 0:00:09]} 33. Rxe5+ {[%emt 0:00:03]} Kf6 {[%emt 0:00:11]} 34. Kc2 {[%emt 0:01:53]} b5 {[%emt 0:00:19]} 35. g3 {[%emt 0:00:42]} c4 {[%emt 0:01:55]} 36. Re8 {[%emt 0:00:58]} Rd3 {[%emt 0:03:11]} 37. Rh8 {[%emt 0:00:40]} Kxf5 {[%emt 0:01:02]} 38. Rxh5+ {[%emt 0:00:32]} Kg4 {[%emt 0:00:02]} 39. Rg5+ {[%emt 0:00:08]} Kh3 {[%emt 0:00:20]} 40. h5 {[%emt 0:00:00]} Rf6 {[%emt 0:00:00]} 41. Re2 {[%emt 0:23:23]} Rxg3 {[%emt 0:04:03]} 42. Rxg3+ {[%emt 0:00:21]} Kxg3 {[%emt 0:00:02]} 43. Kc3 {[%emt 0:00:39]} Kf3 {[%emt 0:10:45]} 44. Rd2 {[%emt 0:02:33]} Rh6 {[%emt 0:05:07]} 45. Rd5 {[%emt 0:01:19]} Ke4 {[%emt 0:00:14]} 46. Rg5 {[%emt 0:01:29]} Rh8 {[%emt 0:05:03]} 47. a4 {[%emt 0:00:58]} bxa4 {[%emt 0:02:13]} 48. Rc5 {[%emt 0:02:29]} Rh6 {[%emt 0:04:46]} 49. Rxc4+ {[%emt 0:03:30]} Ke3 {[%emt 0:01:39]} 50. Rxa4 {[%emt 0:01:20]} Rxh5 {[%emt 0:00:16]} 51. Rxa6 {[%emt 0:00:16]} Rc5+ {[%emt 0:01:46]} 52. Kb4 {[%emt 0:00:01]} Rc8 {[%emt 0:00:47]} 53. Kb5 {[%emt 0:02:01]} Kd4 {[%emt 0:00:21]} 54. b4 {[%emt 0:00:30]} Kd5 {[%emt 0:00:44]} 55. Rb6 {[%emt 0:00:19]} Ra8 {[%emt 0:00:15]} 56. Rh6 {[%emt 0:00:27]} Rb8+ {[%emt 0:00:32]} 57. Ka5 {[%emt 0:00:17]} Kc4 {[%emt 0:01:29]} 58. Rc6+ {[%emt 0:00:10]} Kd5 {[%emt 0:00:10]} 59. b5 {[%emt 0:00:42]} Ra8+ {[%emt 0:00:22]} 60. Kb6 {[%emt 0:00:15]} Ra3 {[%emt 0:01:00]} 61. Rc1 {[%emt 0:00:43]} Rg3 {[%emt 0:00:22]} 62. Ka6 {[%emt 0:00:23]} Ra3+ {[%emt 0:00:34]} 63. Kb7 {[%emt 0:00:10]} Kd6 {[%emt 0:00:19]} 64. b6 {[%emt 0:00:10]} Kd7 {[%emt 0:00:19]} 65. Rd1+ {[%emt 0:00:04]} Ke7 {[%emt 0:00:07]} 66. Kc7 {[%emt 0:00:13]} Rc3+ {[%emt 0:00:11]} 67. Kb8 {[%emt 0:00:05]} Ra3 {[%emt 0:00:29]} 68. b7 {[%emt 0:00:03]} Ra2 {[%emt 0:00:29]} 69. Rd4 {[%emt 0:00:47]} Ra1 {[%emt 0:01:34]} 70. Kc7 {[%emt 0:00:22]} Rc1+ {[%emt 0:00:10]} 71. Kb6 {[%emt 0:00:06]} Rb1+ {[%emt 0:00:11]} 72. Kc6 {[%emt 0:00:07]} 1-0

[Event "55th Rubinstein Memorial-A 2019"]
[Site "Polanica-Zdroj"]
[Date "2019.08.20"]
[Round "4.14"]
[White "Jaskolka, Tomasz"]
[Black "Skurniak, Szymon"]
[Result "1-0"]
[WhiteElo "2227"]
[BlackElo "1962"]
[Annotator "NA"]
[PlyCount "61"]
[EventDate "2019.08.17"]
[EventType "swiss"]
[EventCountry "POL"]
[SourceTitle "playchess.com"]
[Source "ChessBase"]
[SourceQuality "1"]
[TimeControl "40/5400+30:1800+30"]

1. d4 {[%emt 0:00:00]} Nf6 {[%emt 0:00:00]} 2. Bf4 {[%emt 0:00:00]} d5 {[%emt 0:00:00]} 3. e3 {[%emt 0:00:00]} c5 {[%emt 0:00:06]} 4. c3 {[%emt 0:00:36]} Qb6 {[%emt 0:00:06]} 5. Qb3 {[%emt 0:00:07]} c4 {[%emt 0:00:06]} 6. Qc2 {[%emt 0:00:19]} g6 {[%emt 0:00:07]} 7. f3 {[%emt 0:02:50]} Bf5 {[%emt 0:05:40]} 8. Qc1 {[%emt 0:07:04]} Nc6 {[%emt 0:03:54]} 9. Nd2 {[%emt 0:08:43]} Bg7 {[%emt 0:04:59]} 10. e4 {[%emt 0:13:59]} dxe4 {[%emt 0:01:21]} 11. Nxc4 {[%emt 0:00:32]} Qd8 {[%emt 0:00:08]} 12. g4 {[%emt 0:01:49]} Be6 {[%emt 0:25:34]} 13. g5 {[%emt 0:17:52]} Nd7 {[%emt 0:01:59]} 14. fxe4 {[%emt 0:01:37]} Bxc4 {[%emt 0:00:08]} 15. Bxc4 {[%emt 0:00:14]} e5 {[%emt 0:00:10]} 16. Nf3 {[%emt 0:08:28]} Nb6 {[%emt 0:12:00]} 17. Bxf7+ {[%emt 0:04:20]} Kxf7 {[%emt 0:00:01]} 18. Bxe5 {[%emt 0:00:03]} Bxe5 {[%emt 0:03:47]} 19. Nxe5+ {[%emt 0:00:06]} Kg7 {[%emt 0:00:08]} 20. Ng4 {[%emt 0:02:10]} Nxd4 {[%emt 0:09:56]} 21. cxd4 {[%emt 0:00:56]} Qxd4 {[%emt 0:01:44]} 22. Qc7+ {[%emt 0:02:43]} Nd7 {[%emt 0:00:09]} 23. Rd1 {[%emt 0:01:34]} Qxe4+ {[%emt 0:00:19]} 24. Kf2 {[%emt 0:00:04]} Rhf8+ {[%emt 0:10:08]} 25. Kg3 {[%emt 0:00:26]} Qf3+ {[%emt 0:04:54]} 26. Kh4 {[%emt 0:00:05]} Rf4 {[%emt 0:00:05]} 27. Rxd7+ {[%emt 0:01:12]} Kf8 {[%emt 0:00:04]} 28. Qd6+ {[%emt 0:00:16]} Kg8 {[%emt 0:00:09]} 29. Qe6+ {[%emt 0:00:11]} Kh8 {[%emt 0:00:03]} 30. Qe5+ {[%emt 0:00:06]} Kg8 {[%emt 0:00:04]} 31. Qg7# 1-0

[Event "55th Rubinstein Memorial-A 2019"]
[Site "Polanica-Zdroj"]
[Date "2019.08.20"]
[Round "4.15"]
[White "Kozlowski, Michal"]
[Black "Goslawski, Michal"]
[Result "0-1"]
[WhiteElo "1926"]
[BlackElo "2160"]
[Annotator "NA"]
[PlyCount "107"]
[EventDate "2019.08.17"]
[EventType "swiss"]
[EventCountry "POL"]
[SourceTitle "playchess.com"]
[Source "ChessBase"]
[SourceQuality "1"]
[TimeControl "40/5400+30:1800+30"]

1. e4 {[%emt 0:00:00]} e5 {[%emt 0:00:00]} 2. Nf3 {[%emt 0:00:00]} Nf6 {[%emt 0:00:00]} 3. d4 {[%emt 0:00:00]} Nxe4 {[%emt 0:00:00]} 4. Bd3 {[%emt 0:00:00]} d5 {[%emt 0:00:00]} 5. Nxe5 {[%emt 0:00:00]} Nd7 {[%emt 0:00:00]} 6. Nxd7 {[%emt 0:00:46]} Bxd7 {[%emt 0:00:00]} 7. O-O {[%emt 0:00:36]} Bd6 {[%emt 0:00:00]} 8. Qh5 {[%emt 0:01:29]} Nf6 {[%emt 0:23:34]} 9. Re1+ {[%emt 0:00:10]} Kf8 {[%emt 0:00:05]} 10. Qh4 {[%emt 0:11:52]} h6 {[%emt 0:09:39]} 11. Bf4 {[%emt 0:28:23]} Ne4 {[%emt 0:15:40]} 12. Qxd8+ {[%emt 0:00:36]} Rxd8 {[%emt 0:00:06]} 13. Bxe4 {[%emt 0:08:56]} Bxf4 {[%emt 0:00:07]} 14. Bxd5 {[%emt 0:01:06]} Bc8 {[%emt 0:00:19]} 15. Bf3 {[%emt 0:04:22]} Rxd4 {[%emt 0:00:55]} 16. g3 {[%emt 0:01:11]} Bg5 {[%emt 0:05:53]} 17. Na3 {[%emt 0:02:26]} c6 {[%emt 0:02:31]} 18. Rad1 {[%emt 0:00:35]} Rxd1 {[%emt 0:00:14]} 19. Rxd1 {[%emt 0:00:49]} Be6 {[%emt 0:01:23]} 20. b3 {[%emt 0:03:03]} g6 {[%emt 0:05:10]} 21. c4 {[%emt 0:00:32]} Be7 {[%emt 0:01:22]} 22. Nc2 {[%emt 0:00:10]} Kg7 {[%emt 0:00:11]} 23. Nd4 {[%emt 0:02:12]} Bc8 {[%emt 0:00:07]} 24. Kg2 {[%emt 0:01:04]} f5 {[%emt 0:04:08]} 25. Be2 {[%emt 0:09:57]} Re8 {[%emt 0:03:12]} 26. f4 {[%emt 0:00:58]} Bc5 {[%emt 0:05:10]} 27. Bf3 {[%emt 0:06:25]} g5 {[%emt 0:01:50]} 28. fxg5 {[%emt 0:02:43]} hxg5 {[%emt 0:00:07]} 29. Kf1 {[%emt 0:02:32]} Kf6 {[%emt 0:02:02]} 30. Nc2 {[%emt 0:03:10]} f4 {[%emt 0:03:14]} 31. g4 {[%emt 0:00:17]} a5 {[%emt 0:03:56]} 32. Re1 {[%emt 0:01:37]} Rh8 {[%emt 0:00:30]} 33. Kg2 {[%emt 0:00:05]} Be6 {[%emt 0:01:03]} 34. a3 {[%emt 0:02:01]} Rd8 {[%emt 0:01:32]} 35. Rd1 {[%emt 0:00:30]} Ra8 {[%emt 0:01:54]} 36. h3 {[%emt 0:00:33]} Bf7 {[%emt 0:00:51]} 37. Be4 {[%emt 0:04:07]} Re8 {[%emt 0:02:50]} 38. Bd3 {[%emt 0:00:18]} Rd8 {[%emt 0:02:14]} 39. Be2 {[%emt 0:00:33]} Re8 {[%emt 0:02:00]} 40. Bd3 {[%emt 0:00:00]} Bf8 {[%emt 0:00:00]} 41. b4 {[%emt 0:06:39]} axb4 {[%emt 0:02:42]} 42. axb4 {[%emt 0:00:14]} Rd8 {[%emt 0:00:14]} 43. c5 {[%emt 0:01:11]} Bb3 {[%emt 0:02:44]} 44. Kf2 {[%emt 0:00:59]} Bg7 {[%emt 0:00:50]} 45. Ke2 {[%emt 0:00:55]} Rh8 {[%emt 0:01:33]} 46. Bf5 {[%emt 0:03:07]} Bd5 {[%emt 0:00:51]} 47. b5 {[%emt 0:03:23]} Rxh3 {[%emt 0:00:31]} 48. Rxd5 {[%emt 0:04:49]} cxd5 {[%emt 0:00:11]} 49. Nb4 {[%emt 0:00:19]} Bf8 {[%emt 0:01:44]} 50. Nxd5+ {[%emt 0:06:24]} Ke5 {[%emt 0:02:30]} 51. c6 {[%emt 0:00:08]} bxc6 {[%emt 0:00:10]} 52. bxc6 {[%emt 0:00:25]} f3+ {[%emt 0:00:28]} 53. Kf2 {[%emt 0:05:07]} Bc5+ {[%emt 0:00:06]} 54. Ne3 {[%emt 0:00:01]} 0-1

[Event "55th Rubinstein Memorial-A 2019"]
[Site "Polanica-Zdroj"]
[Date "2019.08.20"]
[Round "4.16"]
[White "Vanduyfhuys, Daria"]
[Black "Kulesza, Andrzej"]
[Result "1-0"]
[WhiteElo "2160"]
[BlackElo "1940"]
[Annotator "NA"]
[PlyCount "69"]
[EventDate "2019.08.17"]
[EventType "swiss"]
[EventCountry "POL"]
[SourceTitle "playchess.com"]
[Source "ChessBase"]
[SourceQuality "1"]
[TimeControl "40/5400+30:1800+30"]

1. d4 {[%emt 0:00:00]} Nf6 {[%emt 0:00:16]} 2. c4 {[%emt 0:00:00]} e6 {[%emt 0:00:54]} 3. Nf3 {[%emt 0:00:00]} b6 {[%emt 0:00:55]} 4. g3 {[%emt 0:00:09]} Ba6 {[%emt 0:00:52]} 5. b3 {[%emt 0:00:09]} Bb4+ {[%emt 0:01:05]} 6. Bd2 {[%emt 0:00:14]} Be7 {[%emt 0:00:59]} 7. Bg2 {[%emt 0:01:31]} O-O {[%emt 0:01:25]} 8. O-O {[%emt 0:00:39]} d5 {[%emt 0:01:38]} 9. Bc3 {[%emt 0:02:50]} c6 {[%emt 0:03:01]} 10. Ne5 {[%emt 0:00:32]} Nfd7 {[%emt 0:01:03]} 11. Nxd7 {[%emt 0:00:15]} Nxd7 {[%emt 0:00:16]} 12. Nd2 {[%emt 0:00:08]} f5 {[%emt 0:02:23]} 13. a4 {[%emt 0:11:29]} Nf6 {[%emt 0:04:52]} 14. Bb2 {[%emt 0:04:59]} Ne4 {[%emt 0:03:57]} 15. Nxe4 {[%emt 0:01:49]} fxe4 {[%emt 0:00:18]} 16. Qc2 {[%emt 0:02:13]} Qd7 {[%emt 0:10:02]} 17. f3 {[%emt 0:04:13]} exf3 {[%emt 0:00:56]} 18. Bxf3 {[%emt 0:00:06]} Bf6 {[%emt 0:05:42]} 19. Rad1 {[%emt 0:01:17]} Rac8 {[%emt 0:06:09]} 20. e4 {[%emt 0:05:26]} Bb7 {[%emt 0:05:46]} 21. Qg2 {[%emt 0:12:16]} Ba6 {[%emt 0:07:38]} 22. Be2 {[%emt 0:06:13]} Rcd8 {[%emt 0:02:23]} 23. Rfe1 {[%emt 0:04:25]} Qc8 {[%emt 0:06:29]} 24. Qh3 {[%emt 0:15:17]} Rfe8 {[%emt 0:04:51]} 25. Qg4 {[%emt 0:02:30]} Bb7 {[%emt 0:07:16]} 26. Bf3 {[%emt 0:02:15]} dxc4 {[%emt 0:03:19]} 27. e5 {[%emt 0:01:12]} Be7 {[%emt 0:00:41]} 28. bxc4 {[%emt 0:00:06]} Bb4 {[%emt 0:01:17]} 29. Rf1 {[%emt 0:02:27]} Ba6 {[%emt 0:01:12]} 30. Be2 {[%emt 0:01:07]} c5 {[%emt 0:01:46]} 31. d5 {[%emt 0:02:23]} exd5 {[%emt 0:00:12]} 32. e6 {[%emt 0:00:37]} d4 {[%emt 0:00:40]} 33. Rf7 {[%emt 0:00:05]} g6 {[%emt 0:00:13]} 34. Qh4 {[%emt 0:00:11]} h5 {[%emt 0:00:38]} 35. Qf6 {[%emt 0:00:05]} 1-0

[Event "55th Rubinstein Memorial-A 2019"]
[Site "Polanica-Zdroj"]
[Date "2019.08.20"]
[Round "4.17"]
[White "Wisniewski, Michal"]
[Black "Mielczarek, Daniel"]
[Result "1-0"]
[WhiteElo "2130"]
[BlackElo "1924"]
[Annotator "NA"]
[PlyCount "91"]
[EventDate "2019.08.17"]
[EventType "swiss"]
[EventCountry "POL"]
[SourceTitle "playchess.com"]
[Source "ChessBase"]
[SourceQuality "1"]
[TimeControl "40/5400+30:1800+30"]

1. Nf3 d5 {[%emt 0:03:33]} 2. c4 {[%emt 0:00:00]} c6 {[%emt 0:00:10]} 3. g3 {[%emt 0:00:00]} Bf5 {[%emt 0:00:12]} 4. Bg2 {[%emt 0:00:03]} e6 {[%emt 0:00:13]} 5. cxd5 {[%emt 0:00:50]} exd5 {[%emt 0:00:57]} 6. O-O {[%emt 0:00:07]} Nf6 {[%emt 0:00:18]} 7. d3 {[%emt 0:00:29]} Be7 {[%emt 0:00:17]} 8. Nc3 {[%emt 0:01:12]} O-O {[%emt 0:00:14]} 9. a3 {[%emt 0:00:51]} d4 {[%emt 0:10:54]} 10. Nb1 {[%emt 0:00:18]} Na6 {[%emt 0:01:07]} 11. b4 {[%emt 0:01:04]} Nc7 {[%emt 0:00:34]} 12. Bb2 {[%emt 0:00:16]} Ne6 {[%emt 0:00:15]} 13. Nbd2 {[%emt 0:00:40]} Bg4 {[%emt 0:02:46]} 14. Nb3 {[%emt 0:00:37]} Bxf3 {[%emt 0:00:53]} 15. Bxf3 {[%emt 0:00:06]} Qb6 {[%emt 0:01:20]} 16. Rc1 {[%emt 0:00:30]} Rfd8 {[%emt 0:01:03]} 17. Rc4 {[%emt 0:00:10]} Ne8 {[%emt 0:00:40]} 18. Qa1 {[%emt 0:00:31]} Bf6 {[%emt 0:03:10]} 19. Rb1 {[%emt 0:01:28]} Nd6 {[%emt 0:10:52]} 20. Rc2 {[%emt 0:02:32]} Ne8 {[%emt 0:04:02]} 21. Bc1 {[%emt 0:03:29]} Bg5 {[%emt 0:05:13]} 22. Nc5 {[%emt 0:01:19]} Bxc1 {[%emt 0:03:16]} 23. Nxe6 {[%emt 0:00:59]} fxe6 {[%emt 0:02:32]} 24. Rcxc1 {[%emt 0:00:07]} Nf6 {[%emt 0:02:06]} 25. a4 {[%emt 0:00:52]} a6 {[%emt 0:05:58]} 26. Rc4 {[%emt 0:01:08]} Rd6 {[%emt 0:03:10]} 27. Qa3 {[%emt 0:04:42]} Qd8 {[%emt 0:02:58]} 28. Qb3 {[%emt 0:00:31]} Qb6 {[%emt 0:06:23]} 29. Qa3 {[%emt 0:03:39]} Qd8 {[%emt 0:00:17]} 30. Qc1 {[%emt 0:00:06]} Nd7 {[%emt 0:10:17]} 31. b5 {[%emt 0:03:50]} axb5 {[%emt 0:04:34]} 32. axb5 {[%emt 0:00:06]} Ne5 {[%emt 0:00:31]} 33. bxc6 {[%emt 0:00:09]} bxc6 {[%emt 0:00:23]} 34. Bxc6 {[%emt 0:01:52]} Rc8 {[%emt 0:00:12]} 35. Bb7 {[%emt 0:00:01]} Rxc4 {[%emt 0:06:10]} 36. dxc4 {[%emt 0:00:06]} d3 {[%emt 0:01:58]} 37. exd3 {[%emt 0:00:14]} Nxd3 {[%emt 0:00:19]} 38. Qe3 {[%emt 0:00:38]} Qc7 {[%emt 0:00:19]} 39. Be4 {[%emt 0:02:59]} Nc5 {[%emt 0:01:25]} 40. Bc2 {[%emt 0:00:00]} Rb6 {[%emt 0:00:00]} 41. Ra1 {[%emt 0:04:55]} Rb8 {[%emt 0:04:16]} 42. Qf3 {[%emt 0:00:09]} Qe7 {[%emt 0:03:30]} 43. Ra8 {[%emt 0:02:50]} Nd7 {[%emt 0:02:01]} 44. Rxb8+ {[%emt 0:02:20]} Nxb8 {[%emt 0:00:04]} 45. Qa8 {[%emt 0:00:08]} Qc7 {[%emt 0:00:20]} 46. Qe4 {[%emt 0:00:37]} 1-0